00491 2200205 4500001002100000005001500021008004100036020001800077035001900095041000700114082001000121090001600131100001500147245001900162250001500181260003100196300002900227500001000256650001900266INLIS00000000000215820241224112503241224||||||||| | ||| |||| || |  a979-523-554-0 0010-1224002158 aid0 a612.1 a612.1 TON t0 aTony Smith00aTekanan Dararh aEd. Revisi aJakartabDian Rakyatc2002 a96 hlm. : ilus, ; 22 cm. aCet.2 0aILMU KESEHATAN